| 000 | 00715nam a22002057a 4500 | ||
|---|---|---|---|
| 999 |
_c7382 _d7382 |
||
| 003 | AR-CdUCM | ||
| 008 | 190320b ||||| |||| 00| 0 spa d | ||
| 040 |
_aMUNICIPALIDAD PROVINCIAL DEL CUSCO _cBIBLIOTECA MUNICIPAL DEL CUSCO |
||
| 082 |
_a174.9 / _bI95 |
||
| 100 |
_aIturri Salmón, Jaime _920802 |
||
| 245 | _aEl fuego y las brasas / | ||
| 260 |
_aBolivia : _bVaca sagrada, |
||
| 300 |
_a209 paginas ; _b21 cm. |
||
| 505 | _aContenido : El rescate de la columna periodÃstica -- El fuego y las brasas desde Miami -- Fuegos desde la Paz -- Algunos fuegos mas ... | ||
| 650 |
_aPeriodismo _91929 |
||
| 650 |
_aLiteratura Latinoamericana _9799 |
||
| 650 |
_aPolitica _9291 |
||
| 942 |
_2ddc _cLIBROS |
||
| 945 | _arah | ||